5HLuxD.jpg

KING HENRY VIII SENIOR AND PRIMARY SCHOOL LIBRARY OPAC

What's the time Mr Wolf? / (Record no. 3933)

000 -LEADER
fixed length control field 00528nam a22001937a 4500
005 - DATE AND TIME OF LATEST TRANSACTION
control field 20241122105336.0
008 - FIXED-LENGTH DATA ELEMENTS--GENERAL INFORMATION
fixed length control field 241122b ||||| |||| 00| 0 eng d
020 ## - INTERNATIONAL STANDARD BOOK NUMBER
International Standard Book Number 9781789052022
040 ## - CATALOGING SOURCE
Transcribing agency KH8
082 ## - DEWEY DECIMAL CLASSIFICATION NUMBER
Classification number 123 ENR
100 ## - MAIN ENTRY--PERSONAL NAME
Personal name Enright, Amanda
Relator term Author
245 ## - TITLE STATEMENT
Title What's the time Mr Wolf? /
Statement of responsibility, etc. Amanda Enright
260 ## - PUBLICATION, DISTRIBUTION, ETC.
Place of publication, distribution, etc. Sywell,
Name of publisher, distributor, etc. Igloo Books,
Date of publication, distribution, etc. 2014
300 ## - PHYSICAL DESCRIPTION
Extent 24 pages :
Dimensions 27 x 22 cm
Accompanying material cover ;
650 ## - SUBJECT ADDED ENTRY--TOPICAL TERM
Topical term or geographic name entry element Philosophy
650 ## - SUBJECT ADDED ENTRY--TOPICAL TERM
Topical term or geographic name entry element Psychology
650 ## - SUBJECT ADDED ENTRY--TOPICAL TERM
Topical term or geographic name entry element Philosophy Of Humanity
942 ## - ADDED ENTRY ELEMENTS (KOHA)
Source of classification or shelving scheme
Koha item type Books - Non Ficton
Holdings
Withdrawn status Lost status Source of classification or shelving scheme Damaged status Not for loan Collection code Permanent Location Current Location Shelving location Date acquired Total Checkouts Full call number Barcode Date due Date last seen Date last checked out Price effective from Koha item type
          Non-Fiction KH8 Primary School Library KH8 Primary School Library Non Fiction 2024-11-22 1 123 ENR KHPL000004628 2026-04-16 2026-04-08 2026-04-08 2024-11-22 Books - Non Ficton

Powered By KH8 IT Dept